| 000 | 00631nam a2200193 4500 | ||
|---|---|---|---|
| 001 | 124242 | ||
| 003 | ES-MaACL | ||
| 007 | t| | ||
| 008 | 070214s1954 sp r ||||1| spa d | ||
| 100 | 1 |
_aRasid, T. _995488 |
|
| 245 | 1 | 0 |
_aFantasías mágicas / _cT. Rasid ; prólogo de Mario Montoya Toro. |
| 260 |
_aBarcelona : _bSintes, _c1954. |
||
| 300 |
_a192 p. : _bil. ; _c23 cm. |
||
| 490 | 1 | _aBiblioteca de juegos de prestidigitación e ilusión | |
| 700 | 1 |
_aMontoya Toro, Mario. _982716 |
|
| 830 | 0 |
_aBiblioteca de juegos de prestidigitación e ilusión _9218997 |
|
| 852 |
_aES-MaACL _jC-9222 _bR.37183 |
||
| 999 |
_c124242 _d124242 |
||